000
00276nam a22001097a 4500
082
_a
004
100
_a
Choubey,Santosh
_9
83800
245
_a
Communication Skills & Personality Development
260
_a
Bhopal
_b
Aisect Publication
_c
2024
650
_a
Computer
942
_c
C. BOOKS
999
_c
68778
_d
68778